000 01290nam0a22003251 4500
001 v19\rc\1722493
005 20260405184632.0
035 _a(NLR Aleph) 004819839
090 _a5007468
_c5007468
100 _a20061002e19011902|||y0rusy50 ca
101 0 _arus
102 _aRU
105 _ay z |||||
200 1 _aГенерал-адъютант Виталий Николаевич Троцкий
_e[Некролог]
210 _aВильна
_cтип. Св.-духов. братства
_d1901
215 _a58 с.
_d21
311 _aОтт. из "Вилен. календаря" за 1902 г.
488 0 _12001#$aВиленский календарь$v1902
_tВиленский календарь
700 1 _8rus
_7ca
_aВиноградов
_bА. А.
_cисторик
_f1883-
_gАлександр Александрович
_3RU\NLR\AUTH\7781077
_964005
702 1 _4570
_7ca
_8rus
_aТроцкий
_bВ. Н.
_cгос. и воен. деятель
_f1835-1901
_gВиталий Николаевич
_9223231
_3RU\NLR\AUTH\770223287
801 0 _aRU
_bNLR
_gpsbo
801 0 _aRU
_bRuMoRGB
_2psbo
801 1 _aRU
_bProSoft-M
_2rusmarc
852 _aNLR
_j18.334.2.109
899 _aRuMoRGB
_jF 60/365
899 _aБАН
899 _aГПИБ
942 _cBOOK
980 _aNB